| 000 | 00509nam a22001457a 4500 | ||
|---|---|---|---|
| 008 | 100628t1989 xxu||||| |||| 00| 0 ara d | ||
| 082 |
_222 _bن ص ر _a219.5 |
||
| 100 | 1 |
_915345 _aنصر، زكريا |
|
| 245 |
_aالمريدية وأبحاث تراثية أخري / _cزكريا نصر . |
||
| 260 |
_aالقاهرة : _bدار الجيل ، _c1989. |
||
| 300 |
_a411 ص : _c24 سم. |
||
| 541 |
_aألف باء ؛ _cشراء ؛ |
||
| 650 | 0 |
_913669 _aالإسلام والاقتصاد |
|
| 942 |
_2ddc _cBB |
||
| 999 |
_c14253 _d14253 |
||